00534nam a22001697a 4500003000900000005001700009007000300026008004100029020001800070040002500088082001600113100001900129245008700148260003600235300002100271500007200292DO-SdBNP20221115105222.0ta110301s2012 dr ac 000 0 spa d a9789945222289 aDO-SdBNPbspacBNPHU 4axxxxbS237l aSantos, Carlos10aLetras blancas :bpoemas, encantos y flores para una ocasión... /cCarlos Santos aSanto Domingo :bBúho,c2022. a119 p. :c23 cm. aIncluye datos biográficos del autor en la solapa de la portada.